Two day National Seminar On India's $5 Traillion Economy: The Vision, Challenges, and Roadmap/ (Record no. 210555)

MARC details
000 -LEADER
fixed length control field 00696nam a22001937a 4500
005 - DATE AND TIME OF LATEST TRANSACTION
control field 20250327161015.0
010 ## - LCCN (DPL NO)
LC control number ENG-144310
020 ## - INTERNATIONAL STANDARD BOOK NUMBER
International Standard Book Number 9789361634659
Terms of availability 490.00
035 ## - SYSTEM CONTROL NUMBER
System control number EN-127842
037 ## - SOURCE OF ACQUISITION
Source of stock number/acquisition DBAD
082 ## - DEWEY DECIMAL CLASSIFICATION NUMBER
Classification number 330.954
Edition number 1
245 ## - TITLE STATEMENT
Title Two day National Seminar On India's $5 Traillion Economy: The Vision, Challenges, and Roadmap/
250 ## - EDITION STATEMENT
Edition statement 1
260 ## - PUBLICATION, DISTRIBUTION, ETC. (IMPRINT)
Place of publication, distribution, etc Tamil Nadu
Name of publisher, distributor, etc Shanlax Publications
Date of publication, distribution, etc January 2024
270 ## - ADDRESS
Address 61,66 T.P.K. Main Road, Vasantha Nagar,
City Madurai
Postal code 625003
300 ## - PHYSICAL DESCRIPTION
Extent 262p.
Dimensions 29cm(Hb)
700 ## - ADDED ENTRY--PERSONAL NAME
Personal name Chandan Chavadi, Dhanabalan Thangam, Ravindran Kandasamy, Sendhilkumar Manoharan
Relator term Editors
9 (RLIN) 79478
942 ## - ADDED ENTRY ELEMENTS (KOHA)
Source of classification or shelving scheme Dewey Decimal Classification
Item type English Books
Call number suffix CHA
Classification part 330.954
Holdings
Withdrawn status Lost status Not for loan Collection code Home library Current library Date acquired Source of acquisition Cost, normal purchase price Full call number Barcode Copy number Cost, replacement price Koha item type
    Not For Loan Non-fiction D.B.Act.Division D.B.Act.Division 27/03/2025 DBAD 490.00 CHA 330.954 EN-127842 1 490.00 English Books

© Delhi Public Library
Hit Counter
free hit counter